Men’s 100m Top30 -Sep 2025 - Statistics

General Stats
  • This quiz has been taken 8 times
  • The average score is 10 of 31
Answer Stats
Time Year Answer % Correct
9.83 2021 Bingtian SU
100%
9.58 2009 Usain BOLT
100%
9.72 2008 Asafa POWELL
71%
9.75 2025 Kishane THOMPSON
71%
9.82 2014 Richard THOMPSON
71%
2024 Noah LYLES
57%
9.69 2009 Tyson GAY
57%
2022 Fred KERLEY
43%
9.74 2015 Justin GATLIN
43%
2021 Lamont Marcell JACOBS
43%
2025 Oblique SEVILLE
43%
2012 Yohan BLAKE
43%
2024 Akani SIMBINE
29%
9.76 2019 Christian COLEMAN
29%
9.77 2021 Ferdinand OMANYALA
29%
9.79 1999 Maurice GREENE
29%
2021 Trayvon BROMELL
29%
1999 Bruny SURIN
14%
9.84 1996 Donovan BAILEY
14%
2025 Kenneth BEDNAREK
14%
9.85 1994 Leroy BURRELL
14%
2011 Michael RODGERS
14%
9.78 2010 Nesta CARTER
14%
2021 Ronnie BAKER
14%
9.80 2011 Steve MULLINGS
14%
2023 Zharnel HUGHES
14%
2025 Abdul-Rasheed SAMINU
0%
2025 Courtney LINDSEY
0%
2021 Marvin BRACY
0%
2006 Olusoji Adetokunbo FASUBA
0%
2025 T'Mars MCCALLUM
0%
No matching quizzes found
Score Distribution
Percent of People with Each Score
Percentile by Number Answered
Your Score History
You have not taken this quiz